00351nam a2200121Ia 4500008004100000082001500041100002000056245003600076260003500112365001000147630003600157730003600193100415s9999 xx 000 0 und d b13528a574 aMATHER, KENNETH aStatistical Analysis in Biology aLONDONc1943bCHAPMAN AND HALL b193.5 aStatistical Analysis in Biology aStatistical Analysis in Biology